| 000 | 01013nam a22003257a 4500 | ||
|---|---|---|---|
| 001 | 000595 | ||
| 003 | DO-SdBPM | ||
| 005 | 20251117102051.0 | ||
| 007 | ta | ||
| 008 | 161025b1996 sp || |||| 00| 0 spa d | ||
| 020 | _a8434843366 | ||
| 040 |
_aDO-SdBPM _bspa _cBPMSU _erda |
||
| 082 | 4 |
_a863.6 _bC235c 1996 _222 |
|
| 100 | 1 |
_aCañizo, José Antonio del, _d1938- _eautor _4aut. |
|
| 245 | 1 | 0 |
_a¡Canalla, traidor, morirás! / _cJosé Antonio del Cañizo ; |
| 250 | _a3a ed. | ||
| 264 |
_aMadrid : _bEdiciones SM, _c1996 |
||
| 300 |
_a106 páginas ; _c20 cm. |
||
| 336 |
_atexto _btxt _2rdacontent |
||
| 337 |
_asin mediación _bn _2rdamedia |
||
| 338 |
_avolumen _bnc _2rda |
||
| 490 | 0 |
_aBarco de vapor ; _aRoja _v77 |
|
| 500 | _a | ||
| 586 | _a"Premio El Barco de Vapor 1993." | ||
| 650 | 7 | _aCuentos infantiles, español. | |
| 650 | 7 |
_a Literatura juvenil española _y Siglo XX. |
|
| 650 | 7 |
_aTristeza _vCuentos juveniles |
|
| 910 | _aVMateo V. Control de calidad. BPMSU | ||
| 942 |
_2ddc _cBK |
||
| 999 |
_c11673 _d11673 |
||